[Event "Junior DM"]
[Site "Lyngby"]
[Date "1996.07.16"]
[Round "9"]
[White "Bircher, Roland"]
[Black "Cole, Roland"]
[Result "1-0"]
[WhiteElo "2150"]
[BlackElo "2215"]
[PlyCount "105"]
[EventDate "1996.??.??"]
[EventType "swiss"]
[EventRounds "9"]
[EventCountry "DEN"]

1. d4 Nf6 2. Nf3 g6 3. Bg5 Bg7 4. Nbd2 d6 5. e4 O-O 6. c3 Nbd7 7. Bc4 c6 8. O-O
Qc7 9. Re1 e5 10. dxe5 dxe5 11. b4 Re8 12. Bb3 Nf8 13. Qc2 h6 14. Bh4 g5 15.
Bg3 Ng6 16. Rad1 Bg4 17. h3 Bh5 18. Bh2 g4 19. hxg4 Bxg4 20. Qd3 Nh5 21. Nc4 b5
22. Nb2 Nhf4 23. Qe3 h5 24. Nd3 Bh6 25. Bxf4 exf4 26. Qe2 Qe7 27. e5 Nh4 28.
Qe4 Nxf3+ 29. gxf3 Bh3 30. Qg6+ Bg7 31. Qxh5 Be6 32. Bxe6 Qxe6 33. Nxf4 Qh6 34.
Qxh6 Bxh6 35. Nh5 Re6 36. Rd6 Kf8 37. f4 a5 38. Red1 axb4 39. cxb4 Rxa2 40.
Rd8+ Re8 41. Rxe8+ Kxe8 42. Rd6 f6 43. Nxf6+ Kf7 44. f5 Bf8 45. Rxc6 Bxb4 46.
Rc7+ Kf8 47. e6 Be7 48. Nh7+ Ke8 49. f6 Bxf6 50. Nxf6+ Kd8 51. Rd7+ Kc8 52. e7
Re2 53. Rd8+ 1-0

[Event "Junior DM"]
[Site "Lyngby"]
[Date "1996.07.16"]
[Round "9"]
[White "De Wachter, Matthias"]
[Black "Berg, Emanuel"]
[Result "1/2-1/2"]
[WhiteElo "2170"]
[BlackElo "2215"]
[PlyCount "210"]
[EventDate "1996.??.??"]
[EventType "swiss"]
[EventRounds "9"]
[EventCountry "DEN"]

1. e4 e6 2. d4 d5 3. e5 c5 4. c3 Nc6 5. Nf3 Qb6 6. a3 c4 7. Nbd2 Na5 8. Be2 Bd7
9. O-O Ne7 10. Re1 Nb3 11. Nxb3 Ba4 12. Qd2 Bxb3 13. Ng5 h6 14. Nh3 Qc7 15. Bg4
O-O-O 16. Nf4 g6 17. Qe2 Kb8 18. Be3 Ka8 19. Rac1 Qd7 20. Kh1 Nc6 21. Rg1 Be7
22. g3 Rdg8 23. Rcf1 Nb8 24. Bh3 Na6 25. Qd2 Nc7 26. f3 Ba4 27. Rf2 Ne8 28. Bf1
Ng7 29. Rfg2 Nf5 30. Nh3 Qd8 31. Bf2 Bc6 32. g4 Ng7 33. Be3 h5 34. Ng5 Be8 35.
Be2 f6 36. exf6 Bxf6 37. Bf4 Qe7 38. Bd1 Bc6 39. Re1 Rf8 40. Kg1 Qd7 41. Bc2
Bxg5 42. Bxg5 Rxf3 43. Bh6 hxg4 44. Bxg7 Qxg7 45. Rxg4 Rhf8 46. Qe2 R3f6 47.
Rg2 Qf7 48. h3 a6 49. Qg4 Rg8 50. Ree2 Rf1+ 51. Kh2 Rf6 52. Qg3 Be8 53. Rgf2
Rf8 54. Kg2 g5 55. Rxf6 Qxf6 56. Rf2 Qxf2+ 57. Qxf2 Rxf2+ 58. Kxf2 Bh5 59. Bh7
b6 60. Bg8 Kb7 61. Bxe6 Kc6 62. Kg3 Kd6 63. Bg4 Bg6 64. Bc8 Kc7 65. Bxa6 Be8
66. Kg4 Bd7+ 67. Kxg5 Bxh3 68. Bb5 Kd6 69. Kf6 Be6 70. Kg5 Bh3 71. Kf4 Be6 72.
Ke3 Bf5 73. Kd2 Be6 74. Kc1 Bg4 75. Ba4 Bf5 76. Bc2 Bd7 77. Kb1 Be8 78. Ka2 Bb5
79. a4 Bd7 80. Ka3 Kc6 81. Kb4 Kd6 82. Bd1 Bc6 83. Bg4 Bb7 84. Bf5 Ba6 85. Bg6
Bb7 86. Be8 Ba6 87. Bg6 Bc8 88. Bh5 Bd7 89. Bg6 Bc8 90. Be8 Ba6 91. Bb5 Bc8 92.
Bxc4 dxc4 93. Kxc4 Be6+ 94. Kb5 Bd7+ 95. Kxb6 Bxa4 96. c4 Bb3 97. Kb5 Bc2 98.
Kb6 Bb3 99. c5+ Kd5 100. c6 Kxd4 101. c7 Be6 102. b4 Kc4 103. b5 Bd7 104. Ka5
Kc5 105. b6 Bc8 1/2-1/2

[Event "Junior DM"]
[Site "Lyngby"]
[Date "1996.07.16"]
[Round "9"]
[White "Hoogendoorn, Joost"]
[Black "Kulaots, Kaido"]
[Result "0-1"]
[WhiteElo "2345"]
[BlackElo "2405"]
[PlyCount "122"]
[EventDate "1996.??.??"]
[EventType "swiss"]
[EventRounds "9"]
[EventCountry "DEN"]

1. e4 c5 2. Nf3 d6 3. d4 cxd4 4. Nxd4 Nf6 5. Nc3 a6 6. Bc4 e6 7. O-O b5 8. Bb3
Be7 9. f4 O-O 10. e5 dxe5 11. fxe5 Nfd7 12. Be3 Nxe5 13. Qh5 Nbc6 14. Nxc6 Nxc6
15. Rf3 g6 16. Qh6 f6 17. Rd1 Qe8 18. Ne4 Na5 19. Rdf1 Nxb3 20. Rh3 Rf7 21.
Rxf6 e5 22. Rxg6+ Kh8 23. axb3 Bxh3 24. Qxh3 Qf8 25. g3 Rf1+ 26. Qxf1 Qxf1+ 27.
Kxf1 hxg6 28. Bb6 Rc8 29. c3 Kg7 30. Ke2 Kf7 31. Kd3 Ke6 32. Nd2 Kf5 33. b4 Rb8
34. Bc5 Bg5 35. Be3 Rd8+ 36. Ke2 Rh8 37. Nf3 Bf6 38. h4 Rd8 39. Nd2 e4 40. Bf4
Be5 41. Bg5 Re8 42. Nf1 Kg4 43. Kf2 Kh3 44. Bh6 Re7 45. Bf4 Bxf4 46. gxf4 Kxh4
47. Ke3 Kg4 48. Nh2+ Kf5 49. Nf1 Re8 50. Ng3+ Kg4 51. Ne2 Rf8 52. b3 Rc8 53.
Kf2 e3+ 54. Kxe3 Re8+ 55. Kd3 Kf3 56. Nd4+ Kxf4 57. c4 g5 58. cxb5 axb5 59.
Nxb5 g4 60. Nc3 Re3+ 61. Kd4 Rxc3 0-1

[Event "Junior DM"]
[Site "Lyngby"]
[Date "1996.07.16"]
[Round "9"]
[White "Johansen, Terje"]
[Black "Kauko, Jussi"]
[Result "0-1"]
[WhiteElo "2375"]
[BlackElo "2225"]
[PlyCount "64"]
[EventDate "1996.??.??"]
[EventType "swiss"]
[EventRounds "9"]
[EventCountry "DEN"]

1. d4 Nf6 2. c4 c5 3. d5 e6 4. Nc3 exd5 5. cxd5 d6 6. Nf3 g6 7. e4 Bg7 8. h3
O-O 9. Bd3 a6 10. a4 Re8 11. O-O Nbd7 12. Bf4 Qc7 13. Qd2 Rb8 14. Rfe1 Nh5 15.
Bh6 Ne5 16. Nxe5 Bxe5 17. g4 Nf6 18. Rac1 Qa5 19. Kg2 Nd7 20. Qc2 Qc7 21. Be3
Bg7 22. f4 c4 23. Nd1 b5 24. axb5 axb5 25. b3 Qa5 26. Bd2 cxd3 27. Qxd3 b4 28.
Rc6 Nc5 29. Qc2 Nxe4 30. Rxe4 Qxd5 31. Rcc4 Bb7 32. Ne3 Qe6 0-1

[Event "Junior DM"]
[Site "Lyngby"]
[Date "1996.07.16"]
[Round "9"]
[White "Kryzius, Kestutis"]
[Black "Rowson, Jonathan"]
[Result "0-1"]
[WhiteElo "2240"]
[BlackElo "2425"]
[PlyCount "52"]
[EventDate "1996.??.??"]
[EventType "swiss"]
[EventRounds "9"]
[EventCountry "DEN"]

1. c4 e5 2. Nc3 d6 3. d4 exd4 4. Qxd4 Nf6 5. g3 Nc6 6. Qd2 Be6 7. e4 a5 8. b3
Nxe4 9. Nxe4 d5 10. Nc3 d4 11. Bb2 Bb4 12. Nge2 dxc3 13. Nxc3 Qxd2+ 14. Kxd2 a4
15. a3 O-O-O+ 16. Kc1 Bxc3 17. Bxc3 Nd4 18. Bxd4 Rxd4 19. Kc2 Rhd8 20. f4 c5
21. bxa4 Rd2+ 22. Kb3 Kc7 23. a5 Rf2 24. Rc1 Rdd2 25. h4 Bd7 26. Kc3 Ra2 0-1

[Event "Junior DM"]
[Site "Lyngby"]
[Date "1996.07.16"]
[Round "9"]
[White "Petersen, Steen"]
[Black "Keller, Thomas"]
[Result "1/2-1/2"]
[WhiteElo "2150"]
[BlackElo "2155"]
[PlyCount "38"]
[EventDate "1996.??.??"]
[EventType "swiss"]
[EventRounds "9"]
[EventCountry "DEN"]

1. d4 Nf6 2. c4 e6 3. g3 c5 4. Nf3 b6 5. Bg2 Bb7 6. O-O cxd4 7. Nxd4 Bxg2 8.
Kxg2 Qc7 9. b3 Be7 10. Bb2 O-O 11. Nc3 Rd8 12. Qc2 Nc6 13. Nxc6 Qxc6+ 14. Kg1
d5 15. cxd5 Nxd5 16. Qe4 Rac8 17. Nxd5 Qxd5 18. Qxd5 Rxd5 19. Rac1 Rdc5 1/2-1/2

[Event "Junior DM"]
[Site "Lyngby"]
[Date "1996.07.16"]
[Round "9"]
[White "Sylvan, Jacob"]
[Black "Pedersen, Nicolai Vesterbaek"]
[Result "1/2-1/2"]
[WhiteElo "2285"]
[BlackElo "2290"]
[PlyCount "36"]
[EventDate "1996.??.??"]
[EventType "swiss"]
[EventRounds "9"]
[EventCountry "DEN"]

1. e4 e5 2. Nf3 Nc6 3. Nc3 Nf6 4. d4 exd4 5. Nxd4 Bb4 6. Nxc6 bxc6 7. Bd3 d5 8.
exd5 cxd5 9. O-O O-O 10. Bg5 c6 11. Qf3 Be7 12. Rfe1 Re8 13. Ne2 h6 14. Bf4 c5
15. b3 a6 16. Rad1 Be6 17. h3 Qd7 18. Be5 Nh7 1/2-1/2

[Event "Junior DM"]
[Site "Lyngby"]
[Date "1996.07.16"]
[Round "9"]
[White "Vovk, Oksana"]
[Black "Jensen, Bjarke"]
[Result "1/2-1/2"]
[WhiteElo "2195"]
[BlackElo "2245"]
[PlyCount "46"]
[EventDate "1996.??.??"]
[EventType "swiss"]
[EventRounds "9"]
[EventCountry "DEN"]

1. c4 Nf6 2. Nc3 g6 3. g3 Bg7 4. Bg2 O-O 5. Nf3 d6 6. O-O c6 7. Rb1 e5 8. d3 h6
9. b4 Be6 10. a4 Nbd7 11. b5 d5 12. Ba3 c5 13. Nd2 d4 14. Nce4 Nxe4 15. Nxe4
Qc7 16. a5 f5 17. b6 axb6 18. axb6 Qc8 19. Nd6 Qb8 20. Nb5 Bf7 21. Qb3 Ra6 22.
Ra1 Rxb6 23. Rfb1 Re8 1/2-1/2